000 00591nam a2200241 a 4500
001 nice12345678
003 IN_TiNIC
005 20260116011821.0
008 050524s1978 dela grp 000 0 urd
020 _a
_c100
082 0 0 _a297
_bCHI
100 _aChishti, Yusuf Saleem
245 _aMazhab Ki Zaroorat Aur Ahmiyat
260 _aDelhi
_bNihal Kitab Ghar
_c1978
300 _a48
500 _aincludes index and biblioraphy
505 2 _abibliography
650 _aIslam-Meccan Trade
700 1 _aChishti, Yusuf Saleem
902 _bSRS
942 _cBK
999 _c4178
_d4178